Statistics for Top 20 Words Starting With PL

Click here to take the quiz!

General Stats

  • This quiz has been taken 1,000 times
  • The average score is 11 of 20

Answer Stats

ranklettersword% Correct
34plan
95%
66please
88%
24play
87%
15place
81%
125plane
79%
85plate
73%
144plot
72%
105plain
67%
45plant
63%
94plus
63%
184plug
48%
176planet
45%
56player
41%
78pleasure
40%
117plastic
38%
166plenty
35%
158pleasant
25%
196pledge
22%
206plunge
18%
138platform
9%

Score Distribution

Percentile by Number Answered

Percent of People with Each Score

Your Score History

You have not taken this quiz